Non-food producing farm is role model for the future (Record no. 66230)
[ view plain ]
| 000 -LEADER | |
|---|---|
| fixed length control field | 01013cam a2200205 4500 |
| 001 - CONTROL NUMBER | |
| control field | WB3709-31 |
| 008 - FIXED-LENGTH DATA ELEMENTS--GENERAL INFORMATION | |
| fixed length control field | 000000n2001 000 0 eng u |
| 035 ## - SYSTEM CONTROL NUMBER | |
| System control number | (Sirsi) u111177 |
| 245 ## - TITLE STATEMENT | |
| Title | Non-food producing farm is role model for the future |
| 260 ## - PUBLICATION, DISTRIBUTION, ETC. | |
| Date of publication, distribution, etc. | 2001 |
| 490 ## - SERIES STATEMENT | |
| Series statement | Farmers' Weekly |
| Volume/sequential designation | 134(8) 23 February 2001, 10(1) |
| 520 ## - SUMMARY, ETC. | |
| Summary, etc. | The MAFF has chosen a farm whose owners have entirely given up farming to promote diversification and good environmental management. Much of the farmland at Lower Farm, Noke, Oxfordshire has been sold whilst the remainder has been converted into wetlands under the government Environmentally Sensitive Area (ESA) scheme. Farm buildings have also been converted into holiday cottages and business units providing an additional source of income. |
| 590 ## - LOCAL NOTE (RLIN) | |
| Local note | WB |
| 650 ## - SUBJECT ADDED ENTRY--TOPICAL TERM | |
| Topical term or geographic name entry element | ENVIRONMENTAL MANAGEMENT |
| 650 ## - SUBJECT ADDED ENTRY--TOPICAL TERM | |
| Topical term or geographic name entry element | ENVIRONMENTALLY SENSITIVE AREA SCHEME |
| 650 ## - SUBJECT ADDED ENTRY--TOPICAL TERM | |
| Topical term or geographic name entry element | ESAS |
| 650 ## - SUBJECT ADDED ENTRY--TOPICAL TERM | |
| Topical term or geographic name entry element | FARM DIVERSIFICATION |
| 690 ## - LOCAL SUBJECT ADDED ENTRY--TOPICAL TERM (OCLC, RLIN) | |
| Topical term or geographic name as entry element | RURAL-FARM BUSINESS MANAGEMENT |
| 942 ## - ADDED ENTRY ELEMENTS (KOHA) | |
| Suppress in OPAC | 0 |
| Withdrawn status | Lost status | Source of classification or shelving scheme | Damaged status | Not for loan | Home library | Current library | Shelving location | Date acquired | Total Checkouts | Full call number | Barcode | Date last seen | Copy number | Price effective from | Koha item type |
|---|---|---|---|---|---|---|---|---|---|---|---|---|---|---|---|
| Dewey Decimal Classification | London | London | News article | 28/02/2001 | WB3709-31 | 111177-1001 | 06/08/2019 | 1 | 06/08/2019 | News article |